সিরিয়া, মিসর ও উত্তর আফ্রিকার মুসলিম শাসনের ইতিহাস : (Record no. 2633)
[ view plain ]
| 000 -LEADER | |
|---|---|
| fixed length control field | 01338nam a2200253 a 4500 |
| 003 - CONTROL NUMBER IDENTIFIER | |
| control field | BD-DhJNU |
| 005 - DATE AND TIME OF LATEST TRANSACTION | |
| control field | 20260218062337.0 |
| 008 - FIXED-LENGTH DATA ELEMENTS--GENERAL INFORMATION | |
| fixed length control field | 251108s2025 bg |||g |||| 000 1|ben|d |
| 020 ## - INTERNATIONAL STANDARD BOOK NUMBER | |
| International Standard Book Number | 9789849116703 |
| 040 ## - CATALOGING SOURCE | |
| Original cataloging agency | BD-DhJNU |
| Language of cataloging | ben |
| Transcribing agency | BD-DhJNU |
| Modifying agency | BD-DhJNU |
| 041 ## - LANGUAGE CODE | |
| Language code of text/sound track or separate title | ben |
| 082 ## - DEWEY DECIMAL CLASSIFICATION NUMBER | |
| Classification number | 361.375 RAS |
| Edition number | 23 |
| 100 ## - MAIN ENTRY--PERSONAL NAME | |
| Personal name | কবির, শামছুল |
| 245 10 - TITLE STATEMENT | |
| Title | সিরিয়া, মিসর ও উত্তর আফ্রিকার মুসলিম শাসনের ইতিহাস : |
| Remainder of title | (ফাতেমীয়, আইয়ূবী ও মামলুক বংশ) / |
| Statement of responsibility, etc. | শামছুল কবির এবং মুহাম্মদ মিজানুর রহমান |
| 246 ## - VARYING FORM OF TITLE | |
| Title proper/short title | Siria, Misor o uttar Africar Muslim shasner itihas |
| 250 ## - EDITION STATEMENT | |
| Edition statement | 1st ed. |
| 260 ## - PUBLICATION, DISTRIBUTION, ETC. | |
| Place of publication, distribution, etc. | ঢাকা : |
| Name of publisher, distributor, etc. | ফেমাস বুকস, |
| Date of publication, distribution, etc. | 2025. |
| 300 ## - PHYSICAL DESCRIPTION | |
| Extent | ৩৮৩ পৃ. : |
| Other physical details | চিত্র ; |
| Dimensions | ২২ সেমি.। |
| 504 ## - BIBLIOGRAPHY, ETC. NOTE | |
| Bibliography, etc. note | গ্রন্থপঞ্জিগত নির্দেশিকা ও নিঘন্ট অন্তভূক্ত |
| 650 ## - SUBJECT ADDED ENTRY--TOPICAL TERM | |
| Topical term or geographic name entry element | মধ্যপ্রাচ্যের ইসলামি ইতিহাস |
| 650 ## - SUBJECT ADDED ENTRY--TOPICAL TERM | |
| Topical term or geographic name entry element | Medieval Islamic history |
| 700 a# - ADDED ENTRY--PERSONAL NAME | |
| Personal name | রহমান, মুহাম্মদ মিজানুর |
| Relator term | যুগ্ম-লেখক |
| 942 ## - ADDED ENTRY ELEMENTS (KOHA) | |
| Koha item type | Books |
| Withdrawn status | Lost status | Source of classification or shelving scheme | Damaged status | Not for loan | Collection | Home library | Current library | Shelving location | Date acquired | Source of acquisition | Total checkouts | Full call number | Barcode | Date last seen | Copy number | Price effective from | Koha item type |
|---|---|---|---|---|---|---|---|---|---|---|---|---|---|---|---|---|---|
| Dewey Decimal Classification | Non-fiction | Jagannath University Central Library | Jagannath University Central Library | General stacks | 02/18/2026 | Purchased | 361.375 RAS | JNUCL36107 | 02/18/2026 | 1 | 02/18/2026 | Books | |||||
| Dewey Decimal Classification | Non-fiction | Jagannath University Central Library | Jagannath University Central Library | General stacks | 02/18/2026 | Purchased | 361.375 RAS | JNUCL36108 | 02/18/2026 | 2 | 02/18/2026 | Books |